| 000 | 00880cab a2200205 4500 | ||
|---|---|---|---|
| 001 | WB3024-17 | ||
| 008 | 090401t1994 xxu||||| |||| 00| 0 eng d | ||
| 035 | _a(Sirsi) u75806 | ||
| 041 | _aeng | ||
| 245 | _aGreat expectations | ||
| 260 | _c1994 | ||
| 350 | _a0 | ||
| 490 |
_aEstates Gazette _v(9424) 18 June 1994, 61(1) |
||
| 520 | _aProperty`s strong performance in 1Q 1994 has led investors, bankers and agents to upgrade their expectations for total returns in 1994 to 16.11% against the 15.5% in the previous quarter however the IPF/EG Investment Intentions Survey for 2Q 1994 shows that the market is now pausing for breath. | ||
| 650 | _aINVESTMENT INTENTIONS SURVEY | ||
| 650 | _aABOUT RICS-RELATED ORGANISATIONS-INVESTMENT PROPERTY FORUM | ||
| 690 | _aPROPERTY-COMMERCIAL PROPERTY-COMMERCIAL PROPERTY FINANCE AND INVESTMENT | ||
| 942 | _n0 | ||
| 948 | _c04/03/1997 | ||
| 999 |
_c47686 _d47686 |
||